Commentary and cases on the law of trusts and equitable remedies / (Record no. 516)

MARC details
000 -LEADER
fixed length control field 01289cam a22003494a 4500
001 - CONTROL NUMBER
control field 12922045
003 - CONTROL NUMBER IDENTIFIER
control field OSt
005 - DATE AND TIME OF LATEST TRANSACTION
control field 20150626111335.0
008 - FIXED-LENGTH DATA ELEMENTS--GENERAL INFORMATION
fixed length control field 010621s2001 enk f 001 0 eng
010 ## - LIBRARY OF CONGRESS CONTROL NUMBER
LC control number 2002483584
020 ## - INTERNATIONAL STANDARD BOOK NUMBER
International Standard Book Number 0421548606
035 ## - SYSTEM CONTROL NUMBER
System control number (UkLWHE)b000117129
040 ## - CATALOGING SOURCE
Original cataloging agency DLC
Transcribing agency DLC
Modifying agency DLC
042 ## - AUTHENTICATION CODE
Authentication code pcc
043 ## - GEOGRAPHIC AREA CODE
Geographic area code e-uk---
050 00 - LIBRARY OF CONGRESS CALL NUMBER
Classification number KD1480.A7
Item number H39 2001
082 00 - DEWEY DECIMAL CLASSIFICATION NUMBER
Classification number 346.05 HAY
Edition number 21
100 1# - MAIN ENTRY--PERSONAL NAME
Personal name Hayton, David J.
9 (RLIN) 1502
245 10 - TITLE STATEMENT
Title Commentary and cases on the law of trusts and equitable remedies /
Statement of responsibility, etc Hayton and Marshall.
250 ## - EDITION STATEMENT
Edition statement 11th ed. /
Remainder of edition statement by David J. Hayton.
260 ## - PUBLICATION, DISTRIBUTION, ETC. (IMPRINT)
Place of publication, distribution, etc London :
Name of publisher, distributor, etc Sweet & Maxwell,
Date of publication, distribution, etc 2001.
300 ## - PHYSICAL DESCRIPTION
Extent xciii, 1079 p. ;
Dimensions 24 cm.
500 ## - GENERAL NOTE
General note Rev. ed. of: Cases and commentary on the law of trusts and equitable remedies / Hayton and Marshall. 10th ed. 1996.
500 ## - GENERAL NOTE
General note Includes index.
650 #0 - SUBJECT ADDED ENTRY--TOPICAL TERM
Topical term or geographic name as entry element Trusts and trustees
Geographic subdivision Great Britain
Form subdivision Cases.
9 (RLIN) 1503
650 #0 - SUBJECT ADDED ENTRY--TOPICAL TERM
Topical term or geographic name as entry element Equitable remedies
Geographic subdivision Great Britain
Form subdivision Cases.
9 (RLIN) 1504
700 1# - ADDED ENTRY--PERSONAL NAME
Personal name Marshall, Oshley Roy,
Titles and other words associated with a name Sir.
9 (RLIN) 1505
700 1# - ADDED ENTRY--PERSONAL NAME
Personal name Hayton, David J.
Title of a work Cases and commentary on the law of trusts and equitable remedies.
9 (RLIN) 1506
906 ## - LOCAL DATA ELEMENT F, LDF (RLIN)
a 7
b cbc
c origres
d 2
e ncip
f 20
g y-gencatlg
942 ## - ADDED ENTRY ELEMENTS (KOHA)
Source of classification or shelving scheme Dewey Decimal Classification
Koha item type Books
Holdings
Withdrawn status Lost status Source of classification or shelving scheme Damaged status Not for loan Home library Current library Shelving location Date acquired Total Checkouts Full call number Barcode Date last seen Price effective from Koha item type
    Dewey Decimal Classification     Law Development Centre Main Library Law Development Centre Main Library Text Books and Laws 04/22/2011   346.05 HAY 2011/2766 04/22/2011 04/22/2011 Books